| 000 | 00838nab a2200253 u 4500 | ||
|---|---|---|---|
| 001 | 13274 | ||
| 003 | HDC | ||
| 007 | cr bn ---aaaaa | ||
| 008 | 210212c mydr|nes 0 a may d | ||
| 040 | _aHDC | ||
| 100 |
_aMuzdalifah Mustapha _eauthor _97650 |
||
| 245 | 0 |
_aBrahim's yakin sambung kontrak MAS / _cby Muzdalifah Mustapha |
|
| 260 |
_aMalaysia: _bUtusan Malaysia, _c2015 |
||
| 336 |
_atext _2rdacontent |
||
| 337 |
_acomputer _2rdamedia |
||
| 338 |
_aonline resource _2rdacarrier |
||
| 650 |
_aentrepreneur sectors _914047 |
||
| 650 |
_afood industry _9536 |
||
| 710 | _aUtusan Malaysia | ||
| 856 | _zRequest full-text at [email protected] | ||
| 942 | _2lcc | ||
| 942 | _cNEWS | ||
| 942 | _kNSWC 004432 | ||
| 999 |
_c10590 _d10590 |
||